Điện Biên Phủ điểm hẹn lịch sử Hồi ức
v...v
Đã lưu trong:
| Tác giả chính: | |
|---|---|
| Định dạng: | Sách |
| Năm xuất bản: |
H.
Quân Đội Nhân Dân
2001
|
| Phiên bản: | In lần thứ 2 có sửa chữa, bổ sung |
| Chủ đề: | |
| Tags: |
Thêm thẻ
Không có thẻ, Hãy là người đầu tiên gắn thẻ bản ghi này!
|
| LEADER | 00743nam a2200193 4500 | ||
|---|---|---|---|
| 082 | |a 959.7041 |b V400NG | ||
| 100 | |a Võ Nguyên Giáp | ||
| 245 | |a Điện Biên Phủ điểm hẹn lịch sử |c Võ Nguyên Giáp, Hữu Mai |b Hồi ức | ||
| 250 | |a In lần thứ 2 có sửa chữa, bổ sung | ||
| 260 | |a H. |b Quân Đội Nhân Dân |c 2001 | ||
| 300 | |a 452 tr. |c 21 cm | ||
| 520 | |a v...v | ||
| 653 | |a Lịch sử | ||
| 653 | |a Võ Nguyên Giáp | ||
| 653 | |a Điện Biên Phủ | ||
| 653 | |a Việt Nam | ||
| 942 | |2 ddc |c SH | ||
| 999 | |c 2889 |d 2889 | ||
| 952 | |0 0 |1 0 |2 ddc |4 0 |6 959_704100000000000_V400NG |7 0 |8 900 |9 33690 |a qbu |b qbu |c D5 |d 2014-12-15 |g 57000 |l 1 |o 959.7041 V400NG |p 4034.C1 |r 2019-01-16 |s 2019-01-03 |w 2014-12-15 |y SH |0 0 |6 959_704100000000000_V400NG | ||